| Tag |
First Indicator |
Second Indicator |
Subfields |
| LEADER |
00000cam a2200000 a 4500 |
| 001 |
in00000035097 |
| 005 |
20151007055303.0 |
| 008 |
870706s1988 nyu b 00110 eng |
| 010 |
|
|
|a 87018763
|
| 020 |
|
|
|a 0312013051 :
|c $30.00 (est.)
|
| 035 |
|
|
|a (OCoLC)16406708
|
| 035 |
|
|
|9 AAB7778AM
|
| 040 |
|
|
|a DLC
|c DLC
|d TXA
|d UtOrBLW
|
| 049 |
|
|
|a TXAM
|c [A11506294]
|
| 050 |
0 |
0 |
|a PN1992.6
|b .W64 1988
|
| 082 |
0 |
|
|a 302.2/345
|2 19
|
| 100 |
1 |
|
|a Wober, J. M.
|q (J. Mallory)
|
| 245 |
1 |
0 |
|a Television and social control /
|c Mallory Wober and Barrie Gunter.
|
| 264 |
|
1 |
|a New York :
|b St. Martin's Press,
|c 1988.
|
| 300 |
|
|
|a x, 273 pages ;
|c 23 cm.
|
| 336 |
|
|
|a text
|b txt
|2 rdacontent
|
| 337 |
|
|
|a unmediated
|b n
|2 rdamedia
|
| 338 |
|
|
|a volume
|b nc
|2 rdacarrier
|
| 504 |
|
|
|a Bibliography: pages [234]-258.
|
| 500 |
|
|
|a Includes indexes.
|
| 650 |
|
0 |
|a Television broadcasting
|x Social aspects.
|
| 650 |
|
0 |
|a Television
|x Psychological aspects.
|
| 700 |
1 |
|
|a Gunter, Barrie.
|
| 999 |
|
|
|a MARS
|
| 999 |
f |
f |
|s 8233be20-fdcc-3fb3-b8c1-17b4bcf28749
|i deb283d2-cfe3-3817-9e3e-9fdb4a6cc7c6
|t 0
|
| 952 |
f |
f |
|p ric
|a Texas A&M University
|b Rellis Campus
|c Joint Library Facility
|d Remote Storage
|t 0
|e PN1992.6 .W64 1988
|h Library of Congress classification
|i unmediated -- volume
|m A14811506294
|
| 998 |
f |
f |
|a PN1992.6 .W64 1988
|t 0
|l Remote Storage
|